Home Print Resources E-Books E-Journals IIMT Lecture Series Library Membership Form Book Recommendation Form Campus Tour Take AdmissionAbout Us Contact Us

Fundamentals Of Genetics (Record no. 67697)

000 -LEADER
fixed length control field 00405nam a22001697a 4500
003 - CONTROL NUMBER IDENTIFIER
control field OSt
005 - DATE AND TIME OF LATEST TRANSACTION
control field 20260326144543.0
008 - FIXED-LENGTH DATA ELEMENTS--GENERAL INFORMATION
fixed length control field 260326b |||||||| |||| 00| 0 eng d
020 ## - INTERNATIONAL STANDARD BOOK NUMBER
International Standard Book Number 9789393168368
040 ## - CATALOGING SOURCE
Transcribing agency IIMT UNIVERSITY
100 ## - MAIN ENTRY--PERSONAL NAME
Personal name Singh B D
245 ## - TITLE STATEMENT
Title Fundamentals Of Genetics
250 ## - EDITION STATEMENT
Edition statement 6Th Ed
260 ## - PUBLICATION, DISTRIBUTION, ETC.
Place of publication, distribution, etc. nEW dELHI
Name of publisher, distributor, etc. Medtech Science Press
Date of publication, distribution, etc. 2025
300 ## - PHYSICAL DESCRIPTION
Extent 702
942 ## - ADDED ENTRY ELEMENTS (KOHA)
Source of classification or shelving scheme
Koha item type Book Bank
Holdings
Withdrawn status Lost status Source of classification or shelving scheme Damaged status Not for loan Home library Current library Date acquired Source of acquisition Coded location qualifier Cost, normal purchase price Inventory number Total Checkouts Barcode Date last seen Price effective from Koha item type
          IIMT University Central Library Meerut IIMT University Central Library Meerut 03/26/2026 R Lall AGRICULTUR 895.00 GD/IN/428,24-03-2026   01-B-148024 03/26/2026 03/26/2026 Book Bank
          IIMT University Central Library Meerut IIMT University Central Library Meerut 03/26/2026 R Lall AGRICULTUR 895.00 GD/IN/428,24-03-2026   01-B-148025 03/26/2026 03/26/2026 Book Bank
          IIMT University Central Library Meerut IIMT University Central Library Meerut 03/26/2026 R Lall AGRICULTUR 895.00 GD/IN/428,24-03-2026   01-B-148026 03/26/2026 03/26/2026 Book Bank
          IIMT University Central Library Meerut IIMT University Central Library Meerut 03/26/2026 R Lall AGRICULTUR 895.00 GD/IN/428,24-03-2026   01-B-148027 03/26/2026 03/26/2026 Book Bank
          IIMT University Central Library Meerut IIMT University Central Library Meerut 03/26/2026 R Lall AGRICULTUR 895.00 GD/IN/428,24-03-2026   01-B-148028 03/26/2026 03/26/2026 Book Bank
          IIMT University Central Library Meerut IIMT University Central Library Meerut 03/26/2026 R Lall AGRICULTUR 895.00 GD/IN/428,24-03-2026   01-B-148029 03/26/2026 03/26/2026 Book Bank
          IIMT University Central Library Meerut IIMT University Central Library Meerut 03/26/2026 R Lall AGRICULTUR 895.00 GD/IN/428,24-03-2026   01-B-148030 03/26/2026 03/26/2026 Book Bank
          IIMT University Central Library Meerut IIMT University Central Library Meerut 03/26/2026 R Lall AGRICULTUR 895.00 GD/IN/428,24-03-2026   01-B-148031 03/26/2026 03/26/2026 Book Bank
          IIMT University Central Library Meerut IIMT University Central Library Meerut 03/26/2026 R Lall AGRICULTUR 895.00 GD/IN/428,24-03-2026   01-B-148032 03/26/2026 03/26/2026 Book Bank
IIMT, Central Library. All Rights Reserved IIMT,UNIVERSITY © 2023
Implemented and Customised by I CLOUDE EMS
You Are OPAC Visitor No
free web counter

Powered by Koha